Irarian Interests in Afganistan and Their Contradictory Character
Záujmy Iránu v Afganistane a ich protirečivý charakter.
Na minha lista:
| Autor principal: | |
|---|---|
| Formato: | Capítulo de Livro |
| Idioma: | inglês |
| Assuntos: | |
| Tags: |
Sem tags, seja o primeiro a adicionar uma tag!
|
MARC
| LEADER | 00000nla a2200000 4500 | ||
|---|---|---|---|
| 001 | 0183358 | ||
| 005 | 20240502083430.9 | ||
| 041 | 0 | |a eng | |
| 044 | |a RO | ||
| 245 | 1 | 0 | |a Irarian Interests in Afganistan and Their Contradictory Character |c Ľubomír Čech |
| 520 | |a Záujmy Iránu v Afganistane a ich protirečivý charakter. | ||
| 610 | 2 | 0 | |a Irán |
| 610 | 2 | 0 | |a Afganistan |
| 610 | 2 | 0 | |a vzťahy bilaterálne |
| 100 | 1 | |a Čech, Ľubomír, 1955- | |